| 000 | 00856nam a2200253 a 4500 | ||
|---|---|---|---|
| 001 | 000022993 | ||
| 005 | 20200930021923.0 | ||
| 008 | 101124s1986 sp a 000 p spa d | ||
| 020 | _a8420726605 | ||
| 040 |
_aDO-SdBNP _bspa _cBNPHU |
||
| 082 |
_a861.6 _bM149an |
||
| 100 | 1 |
_aMachado, Antonio, _c1875-1939 _924735 |
|
| 245 | 1 | 0 |
_aAntología poética / _cAntonio Machado ; edición, introducción, notas, comentarios y apéndice de José Ángel Crespo. |
| 260 |
_aMadrid : _bAnaya, _c1986. |
||
| 300 |
_a186, [6] p. : _bil. ; _c19 cm. |
||
| 490 | 1 |
_aBiblioteca didáctica Anaya _v15 |
|
| 500 | _aIncluye notas al pie de las páginas. | ||
| 650 | 4 |
_aPoesía española _9631 |
|
| 650 | 4 |
_aLiteratura española _9632 |
|
| 700 | 1 |
_aCrespo, José Ángel, _eed. _947295 |
|
| 830 | 0 |
_aBiblioteca didáctica Anaya ; _v15 _98965 |
|
| 910 | _aWM | ||
| 049 | _aBNGR | ||
| 999 |
_c22490 _d22490 |
||